CANCIONERILLO /

Guardado en:
Detalles Bibliográficos
Otros autores: Canellada, María Josefa (selección) (selección)
Formato: Libro
Colección:(Colección Literaria Servet ; El Mundo Renacentista) 15.
Temas:
Etiquetas: Agrega una etiqueta
Sin etiquetas, Sé el primero en etiquetar este registro!

MARC

LEADER 00000nam^a2200000^a^4500
001 000245071
005 20250521000000.0
009 20260310105444.608
035 |a 068510 
037 |a Acervo Xavier Clavigero 
082 |a 861. 2  |b CAN 
245 1 0 |a CANCIONERILLO /  |c SELEC. MARIA JOSEFA CANELLADA 
264 |a MEXICO :  |b OASIS,  |c 1964 
300 |a 125 p. 
336 |a texto  |b txt  |2 rdacontenido 
337 |a sin mediación  |b n  |2 rdamedio 
338 |a volumen  |b nc  |2 rdasoporte 
440 |a (Colección Literaria Servet ;  |v 15.  |p El Mundo Renacentista) 
649 |a XX 
650 |a POESIA ESPAÑOLA -  |x SIGLO XV 
650 |a Música Folklórica -  |z España 
650 |a Literatura Española -  |y Siglo XV 
700 |a Canellada, María Josefa  |e (selección) 
910 |a Fondo General 
920 |a Impresos - Libros 
930 |a Colección General 
940 |a Literatura 
905 |a 101 
901 |a 068510  |b IT1  |c LIT  |i 068510  |u 20250521 
902 |a https://opac.biblio.iteso.mx/vufind/Record/000245071